000 00541nam a2200217 a 4500
001 0001-2010
003 ELIB.Books
008 190611 2010 eng
020 _aKBTS
092 _a248
_bGra
100 _aGraham, Billy.
245 _aLife Wisdom From Billy Graham
260 _aKansas City
_bGift Books
_c2006
300 _a157
_c17 Cm
650 _aChristian Life
856 _nKBTS Library
_uKBTS Elib
942 _2ddc
_cBK
990 _a1
998 _aEnglishbooks.elf
_ccat
_e2019-06-11
999 _c12010
_d12010